...

NIRU LIBRARY

Showpiece city : (Record no. 240)

MARC details
000 -LEADER
fixed length control field 00904cam a2200229 i 4500
003 - CONTROL NUMBER IDENTIFIER
control field OSt
005 - DATE AND TIME OF LATEST TRANSACTION
control field 20230626103226.0
008 - FIXED-LENGTH DATA ELEMENTS--GENERAL INFORMATION
fixed length control field 200130s2021 cauab b 001 0 eng
020 ## - INTERNATIONAL STANDARD BOOK NUMBER
International Standard Book Number 9781503609884
Qualifying information (cloth)
040 ## - CATALOGING SOURCE
Transcribing agency NIRUC
Modifying agency NIRUC
043 ## - GEOGRAPHIC AREA CODE
Geographic area code a-ts---
050 00 - LIBRARY OF CONGRESS CALL NUMBER
Classification number NA1473.2.D83
Item number R45 2021
100 1# - MAIN ENTRY--PERSONAL NAME
Personal name Reisz, Todd,
245 10 - TITLE STATEMENT
Title Showpiece city :
Remainder of title how architecture made Dubai /
Statement of responsibility, etc. Todd Reisz.
264 #1 - PRODUCTION, PUBLICATION, DISTRIBUTION, MANUFACTURE, AND COPYRIGHT NOTICE
Place of production, publication, distribution, manufacture Stanford, California :
Name of producer, publisher, distributor, manufacturer Stanford University Press,
Date of production, publication, distribution, manufacture, or copyright notice 2021
300 ## - PHYSICAL DESCRIPTION
Extent 406P.;
Other physical details ill.
Dimensions 24 cm.
504 ## - BIBLIOGRAPHY, ETC. NOTE
Bibliography, etc. note Includes bibliographical references and index.
650 #0 - SUBJECT ADDED ENTRY--TOPICAL TERM
Topical term or geographic name entry element Architecture
Geographic subdivision United Arab Emirates
-- Dubai
General subdivision History
Chronological subdivision 20th century.
650 #0 - SUBJECT ADDED ENTRY--TOPICAL TERM
Topical term or geographic name entry element City planning
Geographic subdivision United Arab Emirates
-- Dubai
General subdivision History
Chronological subdivision 20th century.
776 08 - ADDITIONAL PHYSICAL FORM ENTRY
Relationship information Online version:
Main entry heading Reisz, Todd.
Title Showpiece city
Place, publisher, and date of publication Stanford, California : Stanford University Press, [2021]
International Standard Book Number 9781503613867
Record control number (DLC) 2020004570
942 ## - ADDED ENTRY ELEMENTS (KOHA)
Source of classification or shelving scheme Library of Congress Classification
Koha item type Books
Suppress in OPAC No
Holdings
Withdrawn status Lost status Source of classification or shelving scheme Damaged status Not for loan Home library Current library Shelving location Date acquired Total checkouts Full call number Barcode Date last seen Price effective from Koha item type
    Library of Congress Classification     NIRU LIBRARY NIRU LIBRARY On display 06/26/2023   NA1473.2.D83R45 2023-0538 06/26/2023 06/26/2023 Books
    Library of Congress Classification     NIRU LIBRARY NIRU LIBRARY On display 06/26/2023   NA1473.2.D83R45 2023-0539 06/26/2023 06/26/2023 Books
Copyright © 2025&6. National Intelligence and Research University. All Rights Reserved.